| 000 | 01304cab a2200217 4500 | ||
|---|---|---|---|
| 001 | ##L134657 | ||
| 008 | 060823n2006 000 0 eng u | ||
| 035 | _a(Sirsi) u134657 | ||
| 041 | 0 | _aeng | |
| 100 | 1 | _aLane, Nicholas | |
| 245 | 0 | 0 |
_aTime and loss and expense in the Major Project Form _ba commentary |
| 260 | _c2006 | ||
| 490 | 0 |
_aConstruction Law Journal _v22(1) 2006, 3-22(19) |
|
| 520 | _aThis article makes a detailed examination of the time, loss and expense provisions of the JCT Major Project Form 2003 edition. Discusses commencement and completion, damages for delay, taking over parts of the project, extensions of time, acceleration, bonus and loss and/or expense. An appendix contains a table comparing a contractor's entitlement to an extension of time under the JCT Building Contract with Contractor's Design 1998 edition, the JCT Design and Build Contract 2005 edition and the Major Project Form. | ||
| 650 | 2 | 4 | _aJCT MAJOR PROJECT FORM (2003 EDITION) |
| 650 | 2 | 4 | _aJCT STANDARD FORM OF BUILDING CONTRACT WITH CONTRACTORS DESIGN (1998 EDITION) |
| 650 | 2 | 4 | _aJCT DESIGN AND BUILD CONTRACT (2005 EDITION) |
| 651 | 4 |
_aUnited Kingdom _y |
|
| 690 | _aBUILT ENVIRONMENT-BUILDING CONTRACT FORMS-STANDARD FORMS OF BUILDING CONTRACT-JOINT CONTRACTS TRIBUNAL CONTRACTS | ||
| 942 | _n0 | ||
| 999 |
_c77607 _d77607 |
||